[Event "Poznan op 25th"]
[Site "Poznan"]
[Date "2017.08.23"]
[Round "5"]
[White "Godek, Martyna"]
[Black "Kaluzny, Stanislaw"]
[Result "1-0"]
[WhiteElo "1634"]
[BlackElo "1361"]
[PlyCount "57"]
[EventDate "2017.08.20"]
[EventType "swiss"]
[EventRounds "9"]
[EventCountry "POL"]
[SourceTitle "CBM 180 Extra"]
[Source "ChessBase"]
[SourceDate "2017.10.06"]
[SourceVersion "1"]
[SourceVersionDate "2017.10.06"]
[SourceQuality "1"]

1. e4 c5 2. Nc3 Nc6 3. g3 a6 4. a4 Nf6 5. Bg2 d6 6. d3 e6 7. Nge2 Be7 8. 0-0 0-0 9. Nf4 Qc7 10. Be3 h6 11. Nh5 Bd7 12. f4 Kh8 13. Qe2 Rfd8 14. Rf2 Qa5 15. e5 dxe5 16. fxe5 Nxe5 17. Bxh6 Nxh5 18. Qxh5 gxh6 19. Qxe5+ f6 20. Rxf6 Bxf6 21. Qxf6+ Kg8 22. Qg6+ Kf8 23. Rf1+ Ke7 24. Ne4 Rf8 25. Qg7+ Kd8 26. Qxf8+ Be8 27. Qd6+ Kc8 28. Qxe6+ Kc7 29. Qd6+ 1-0

[Event "Poznan op 23rd"]
[Site "Poznan"]
[Date "2015.08.17"]
[Round "9"]
[White "Kaluzny, Stanislaw"]
[Black "Szelag, Zuzanna"]
[Result "0-1"]
[WhiteElo "1251"]
[BlackElo "1733"]
[PlyCount "82"]
[EventDate "2015.08.10"]
[EventType "swiss"]
[EventRounds "9"]
[EventCountry "POL"]
[SourceTitle "EXT 2017"]
[Source "ChessBase"]
[SourceDate "2016.10.25"]
[SourceVersion "1"]
[SourceVersionDate "2016.10.25"]
[SourceQuality "1"]

1. e4 c5 2. Nf3 e6 3. d4 cxd4 4. Nxd4 a6 5. c4 Nf6 6. Nc3 Qc7 7. Be3 g6 8. Be2 Bg7 9. 0-0 0-0 10. b4 d6 11. Qd2 Nbd7 12. f3 b6 13. b5 a5 14. Rfd1 Ne5 15. Nc6 Nxc6 16. bxc6 Ba6 17. Nb5 Qxc6 18. Nxd6 Rfd8 19. e5 Ne8 20. f4 Rab8 21. Rab1 Nxd6 22. exd6 Bf8 23. d7 Bb4 24. Qd3 b5 25. Qd4 bxc4 26. Qe5 Rb5 27. Qf6 Rxd7 28. Bd4 Rxd4 29. Rxd4 Bc5 30. Rxb5 Bxb5 31. Kh1 Bxd4 32. Qd8+ Qe8 33. Qxd4 Qc8 34. Qb6 c3 35. Bd1 Qc4 36. Qb8+ Kg7 37. Qe5+ f6 38. Qe1 c2 39. Bxc2 Qxc2 40. Qg1 Bc6 41. h3 Qxa2 0-1